Suomen vuoristoradat - Statistics

Yleistilastot
  • Tätä visaa on pelattu 27 kertaa
  • Keskiarvotulos 8 / 25
Vastaustilastot
avattu / puisto rata % Oikein
Särkänniemi Tornado
91%
Linnanmäki Taiga
78%
Linnanmäki Ukko
70%
Linnanmäki Vuoristorata
61%
Särkänniemi Hype
57%
Linnanmäki Kirnu
57%
Linnanmäki Salama
57%
PowerPark Junker
52%
Linnanmäki Tulireki
52%
Linnanmäki Pikajuna
43%
Särkänniemi Vauhtimato
43%
Särkänniemi MotoGee
35%
PowerPark Cobra
30%
PowerPark Pitts Special
30%
Tykkimäki Idän Pikajuna
26%
PowerPark Thunderbird
22%
Linnanmäki Linnunrata eXtra
17%
PowerPark Joyride
13%
Nokkakivi Cyclon
4%
Suomen Tivoli Roller Coaster
4%
Suomen Tivoli Crazy Worm
0%
Vauhtipuisto Herra Lohikäärme
0%
Vauhtipuisto Mato Mainio
0%
PowerPark Mine Train
0%
PowerPark Neo´s Twister
0%
Ehtoja vastaavia visoja ei löytynyt
Tulosjakauma
Jokaisen tuloksen saaneiden osuus
Persentiili vastausten määrän mukaan
Tuloshistoriasi
Et ole pelannut tätä visaa